| 000 | 006840000a22002170004500 | ||
|---|---|---|---|
| 090 |
_aAR _b02901 |
||
| 245 | 1 | 0 | _aLand-use and threats to parks in the neotropics |
| 650 | 1 | 4 |
_aAreas protegidas _978 |
| 650 | 1 | 4 |
_aManejo sostenible _992592 |
| 650 | 1 | 4 |
_aActividades humanas _922960 |
| 650 | 1 | 4 |
_aAspectos socioculturales _92478 |
| 650 | 1 | 4 |
_aConservación de los recursos _993885 |
| 650 | 1 | 4 |
_aNeotrópicos _993955 |
| 651 | 4 |
_pAmérica del Sur _992749 |
|
| 651 | 4 |
_pAmérica Central _992749 |
|
| 041 | 0 | _aInglés | |
| 700 | 1 |
_aMachlis, Gary E. _996412 |
|
| 100 | 1 |
_aNeumann, Roderick P. _921986 |
|
| 942 | _cARTICULO | ||
| 773 | 1 |
_tEnvironmental Conservation _31236 _h1 _q13-18 _d1989 _g16 |
|
| 999 |
_c11961 _d11961 |
||